000 00514cam a2200205ua 4500
001 8443
008 150130n ii |||gr||||Z||||||eng
020 _a9780199535125
040 _cMAIN
041 _aeng
082 _a809
100 _aD. A. Russell,
_eEditor.
245 _aClassical literary criticism
_cEdited by D. A. Russell
250 _a1st.
260 _aNew Delhi:
_bOxford,
_c2007.
300 _axv,246p.
653 _aHistory, description & criticism
653 _aLiterary criticism
942 _cBK
999 _c7551
_d7551